The Indian coinage tradition (Record no. 6368)

MARC details
000 -LEADER
fixed length control field 00829 a2200217 4500
005 - DATE AND TIME OF LATEST TRANSACTION
control field 20080827172033.0
008 - FIXED-LENGTH DATA ELEMENTS--GENERAL INFORMATION
fixed length control field 080827t xxu||||| |||| 00| 0 eng d
010 ## - LIBRARY OF CONGRESS CONTROL NUMBER
LC control number ENG-87334
020 ## - INTERNATIONAL STANDARD BOOK NUMBER
Terms of availability 100.00 (app)
035 ## - SYSTEM CONTROL NUMBER
System control number EN-70867
037 ## - SOURCE OF ACQUISITION
Source of stock number/acquisition DBAD / PUB
082 ## - DEWEY DECIMAL CLASSIFICATION NUMBER
Classification number 737.4
100 ## - MAIN ENTRY--PERSONAL NAME
Personal name Cribb, Joe
245 ## - TITLE STATEMENT
Title The Indian coinage tradition
Statement of responsibility, etc by Joe Cribb
Remainder of title origins, continuity and change
260 ## - PUBLICATION, DISTRIBUTION, ETC. (IMPRINT)
Place of publication, distribution, etc Nashik
Name of publisher, distributor, etc IIRNS Publications
Date of publication, distribution, etc 2005
270 ## - ADDRESS
Address P.O. Anjaneri , Dist. Nashik
City Nashik
Postal code 422 213
300 ## - PHYSICAL DESCRIPTION
Extent 72p.
Dimensions 25cm (Pbk )
500 ## - GENERAL NOTE
General note Cost of this book is not available & fixed app. cost.
942 ## - ADDED ENTRY ELEMENTS (KOHA)
Institution code [OBSOLETE] dpl
Koha item type English Books
Call number prefix 737.4 / CRI
Source of classification or shelving scheme Dewey Decimal Classification
Classification part 737.4
Call number suffix CRI
Holdings
Withdrawn status Lost status Damaged status Not for loan Home library Current library Date acquired Cost, normal purchase price Total Checkouts Full call number Barcode Date last seen Copy number Uniform Resource Identifier Cost, replacement price Price effective from Koha item type
        D.B.Act.Division D.B.Act.Division 27/08/2008 100.00   737.4 CRI EN-70867 15/09/2008 1 7278 100.00 15/09/2008 English Books

© Delhi Public Library
Hit Counter
free hit counter